000 00857nab a2200265 4500
003 BR-BrBNA
005 20250415205246.0
008 250415b bl.||||| |||| 00| 0 por d
040 _aBR-BrBNA
_bpor
072 _aP06 ; F01 ; E16 ; E13 ; A50 ; E70
_b8961 ; 0120
100 _aMorais, Larissa
245 _aA corrida dos EUA pelo etanol
_bAgroeconomia
500 _a3 illus.
650 _aESTADOS UNIDOS DA AMÉRICA
650 _aÁLCOOL
650 _aMILHO
650 _aCOMBUSTÍVEL
650 _aALIMENTO
650 _aCUSTO DE PRODUÇÃO
650 _aPESQUISA
650 _aINVESTIMENTO
773 0 _01706
_9346671
_dSão Paulo-SP Editora Três Ltda - E-mail: luizfsa@revistadinheiro.com.br 2004
_o2024-7382
_tDinheiro Rural (Brazil)
_x1807-3700
_gv. 3(26) p. 30-32; (Dec 2006)
_wBR2025000696
942 _cANA
999 _c331057
_d331057